CURRENT ISSUES IN MARRIAGE AND THE FAMILY (Record no. 9533)

MARC details
000 -LEADER
fixed length control field 01176cam a2200385 a 4500
001 - CONTROL NUMBER
control field 2332045
003 - CONTROL NUMBER IDENTIFIER
control field OSt
005 - DATE AND TIME OF LATEST TRANSACTION
control field 20260504052252.0
008 - FIXED-LENGTH DATA ELEMENTS--GENERAL INFORMATION
fixed length control field 820329s1983 nyu b 000 0 eng
010 ## - LIBRARY OF CONGRESS CONTROL NUMBER
LC control number 82006621
020 ## - INTERNATIONAL STANDARD BOOK NUMBER
International Standard Book Number 0024254800
020 ## - INTERNATIONAL STANDARD BOOK NUMBER
International Standard Book Number 9780024254801
035 ## - SYSTEM CONTROL NUMBER
System control number 2332045
040 ## - CATALOGING SOURCE
Original cataloging agency DLC
Transcribing agency IRDP
Modifying agency DLC
-- OCoLC
-- DLC
043 ## - GEOGRAPHIC AREA CODE
Geographic area code n-us---
050 00 - LIBRARY OF CONGRESS CALL NUMBER
Classification number HQ536
Item number .C88 1983
082 00 - DEWEY DECIMAL CLASSIFICATION NUMBER
Classification number 306.8 WEL
Edition number 19
100 ## - MAIN ENTRY--PERSONAL NAME
Personal name WELLS,J.GIPSON
245 00 - TITLE STATEMENT
Title CURRENT ISSUES IN MARRIAGE AND THE FAMILY
Statement of responsibility, etc. J. GIPSON WELLS
250 ## - EDITION STATEMENT
Edition statement 3rd ed.
260 ## - PUBLICATION, DISTRIBUTION, ETC. (IMPRINT)
Place of publication, distribution, etc. NEW YORK
Name of publisher, distributor, etc. MACMILLAN PUBLISHING CO.
Place of publication, distribution, etc. LONDON
Name of publisher, distributor, etc. COLLIER MACMILLAN
Date of publication, distribution, etc. c1983.
300 ## - PHYSICAL DESCRIPTION
Extent ix, 315 p. ;
Dimensions 24 cm.
336 ## - CONTENT TYPE
Content type term text
Content type code txt
Source rdacontent
337 ## - MEDIA TYPE
Media type term unmediated
Media type code n
Source rdamedia
338 ## - CARRIER TYPE
Carrier type term volume
Carrier type code nc
Source rdacarrier
504 ## - BIBLIOGRAPHY, ETC. NOTE
Bibliography, etc Includes bibliographical references.
650 #0 - SUBJECT ADDED ENTRY--TOPICAL TERM
Topical term or geographic name as entry element Marriage
Geographic subdivision United States.
650 #0 - SUBJECT ADDED ENTRY--TOPICAL TERM
Topical term or geographic name as entry element Families
Geographic subdivision United States.
650 #0 - SUBJECT ADDED ENTRY--TOPICAL TERM
Topical term or geographic name as entry element Divorce
Geographic subdivision United States.
650 #0 - SUBJECT ADDED ENTRY--TOPICAL TERM
Topical term or geographic name as entry element Sex role.
700 1# - ADDED ENTRY--PERSONAL NAME
Personal name Wells, J. Gipson.
906 ## - LOCAL DATA ELEMENT F, LDF (RLIN)
a 7
b cbc
c orignew
d 1
e ocip
f 19
g y-gencatlg
942 ## - ADDED ENTRY ELEMENTS (KOHA)
Source of classification or shelving scheme Dewey Decimal Classification
Koha item type BOOKS
Holdings
Withdrawn status Lost status Source of classification or shelving scheme Damaged status Not for loan Home library Current library Date acquired Total Checkouts Full call number Barcode Date last seen Price effective from Koha item type
    Dewey Decimal Classification     Dodoma Dodoma 04/05/2026   306.8 WEL LIB002994 04/05/2026 04/05/2026 BOOKS

IRDP © 2021 :: Managed by ICT Team